[Event "Avoine op 29th"]
[Site "Avoine"]
[Date "2014.07.26"]
[Round "8"]
[White "Bizovi, Mihai"]
[Black "Auroy, Didier"]
[Result "1-0"]
[WhiteElo "2157"]
[BlackElo "1953"]
[PlyCount "105"]
[EventDate "2014.07.19"]
[EventType "swiss"]
[EventRounds "9"]
[EventCountry "FRA"]
[SourceTitle "CBM 161 Extra"]
[Source "ChessBase"]
[SourceDate "2014.08.29"]
[SourceVersion "1"]
[SourceVersionDate "2014.08.29"]
[SourceQuality "1"]

1. d4 d5 2. c4 dxc4 3. e3 e5 4. Bxc4 exd4 5. exd4 Nf6 6. Qb3 Qe7+ 7. Ne2 Qb4+ 8. Nbc3 Qxb3 9. Bxb3 Bd7 10. 0-0 Bd6 11. Bg5 Be7 12. Rfe1 0-0 13. Nf4 Bd8 14. Rad1 Na6 15. Nd3 Bf5 16. Ne5 h6 17. Bf4 g5 18. Bg3 Kg7 19. f3 c6 20. Bf2 Ba5 21. g4 Bh7 22. Re2 Rad8 23. h4 Nc7 24. Be3 Bxc3 25. bxc3 Nfd5 26. Bd2 f6 27. Nc4 Bd3 28. Ree1 Bxc4 29. Bxc4 Rfe8 30. Bd3 Rxe1+ 31. Rxe1 Re8 32. Rxe8 Nxe8 33. c4 Nb6 34. f4 gxh4 35. Kh2 Nc7 36. Kh3 c5 37. d5 Ne8 38. Be3 Nd6 39. Bxc5 Nbc8 40. Kxh4 b6 41. Bd4 Ne7 42. Kh5 Nf7 43. a4 Nc8 44. a5 Nfd6 45. g5 hxg5 46. fxg5 Ne8 47. gxf6+ Kf8 48. Kg6 Ned6 49. c5 bxc5 50. Bxc5 Kg8 51. Bf5 Kh8 52. Bxc8 Nxc8 53. Kf7 1-0

[Event "Avoine op 26th"]
[Site "Avoine"]
[Date "2011.07.30"]
[Round "8"]
[White "Roger, Mehdi"]
[Black "Auroy, Didier"]
[Result "1/2-1/2"]
[WhiteElo "2201"]
[BlackElo "1979"]
[PlyCount "103"]
[EventDate "2011.07.23"]
[EventType "swiss"]
[EventRounds "9"]
[EventCountry "FRA"]
[SourceTitle "EXT 2012"]
[Source "ChessBase"]
[SourceDate "2011.11.24"]
[SourceVersion "1"]
[SourceVersionDate "2011.11.24"]
[SourceQuality "1"]

1. e4 e5 2. Nf3 Nc6 3. Bb5 a6 4. Ba4 Nf6 5. 0-0 Nxe4 6. d4 b5 7. Bb3 d5 8. dxe5 Be6 9. Nbd2 Nc5 10. c3 Qd7 11. Bc2 Bg4 12. Nb3 Ne6 13. Re1 Be7 14. Qd3 Bh5 15. Nfd4 Bg6 16. Qe2 Bxc2 17. Qxc2 Ncd8 18. f4 c5 19. Nf5 c4 20. Nbd4 Nxd4 21. cxd4 0-0 22. Nxe7+ Qxe7 23. f5 Nc6 24. Qf2 Qa7 25. Be3 Nb4 26. f6 g6 27. Qf4 Kh8 28. Qh6 Rg8 29. Rf1 g5 30. Rf3 Rg6 31. Qh5 g4 32. Rg3 Nc2 33. Rd1 Nxe3 34. Rxe3 Qd7 35. Rf1 Rag8 36. e6 fxe6 37. Qe5 Rf8 38. Qxe6 Qxe6 39. Rxe6 a5 40. Rd6 Rg5 41. Ra6 h5 42. g3 a4 43. Rb6 Kh7 44. Rxb5 Kg6 45. Rb6 Rf5 46. f7+ Kg5 47. Rb5 R8xf7 48. Rxf5+ Rxf5 49. Ra5 h4 50. gxh4+ Kxh4 51. Kg2 Kg5 52. Kg3 1/2-1/2

[Event "Avoine op 24th"]
[Site "Avoine"]
[Date "2009.07.23"]
[Round "6"]
[White "Binois, Rudy"]
[Black "Auroy, Didier"]
[Result "1-0"]
[WhiteElo "1842"]
[BlackElo "2000"]
[PlyCount "103"]
[EventDate "2009.07.18"]
[EventType "swiss"]
[EventRounds "9"]
[EventCountry "FRA"]
[SourceTitle "CBM 131 Extra"]
[Source "ChessBase"]
[SourceDate "2009.09.03"]
[SourceVersion "2"]
[SourceVersionDate "2009.09.16"]
[SourceQuality "1"]

1. c4 c5 2. Nc3 Nf6 3. Nf3 g6 4. g3 Bg7 5. Bg2 0-0 6. 0-0 Nc6 7. e3 d6 8. d4 cxd4 9. Nxd4 Bd7 10. b3 Rb8 11. Bb2 Qa5 12. Nce2 Rfc8 13. Bc3 Qh5 14. Qd2 Qh6 15. Nf3 Nd8 16. Bxf6 Bxf6 17. Rac1 Ne6 18. Nfd4 Nxd4 19. Nxd4 Rc5 20. f4 a5 21. Rf2 Qg7 22. Ne2 b6 23. Nc3 Bxc3 24. Rxc3 Rbc8 25. Rc2 b5 26. Qxa5 bxc4 27. Qa7 R8c7 28. Qa8+ Qf8 29. Qxf8+ Kxf8 30. b4 Rb5 31. a3 d5 32. Rc3 Bf5 33. Rb2 Ra7 34. Bf3 f6 35. Bd1 Rab7 36. Kf2 e5 37. Rd2 Be4 38. Ke1 Ke7 39. Rc1 Bd3 40. Rb2 R5b6 41. Kd2 d4 42. Ra2 Ra7 43. Raa1 Kd6 44. Be2 dxe3+ 45. Kxe3 exf4+ 46. Kf2 fxg3+ 47. hxg3 Bxe2 48. Kxe2 Re7+ 49. Kf3 Rc7 50. Rc3 Ke5 51. Rd1 h5 52. Re3+ 1-0

[Event "Avoine op 24th"]
[Site "Avoine"]
[Date "2009.07.21"]
[Round "4"]
[White "Ingremeau, Maxime"]
[Black "Auroy, Didier"]
[Result "0-1"]
[WhiteElo "1842"]
[BlackElo "2000"]
[PlyCount "58"]
[EventDate "2009.07.18"]
[EventType "swiss"]
[EventRounds "9"]
[EventCountry "FRA"]
[SourceTitle "CBM 131 Extra"]
[Source "ChessBase"]
[SourceDate "2009.09.03"]
[SourceVersion "2"]
[SourceVersionDate "2009.09.16"]
[SourceQuality "1"]

1. f4 g6 2. Nf3 d5 3. e3 Bg7 4. Nc3 Nf6 5. d4 0-0 6. Bd2 Nbd7 7. Ne5 c5 8. Qf3 cxd4 9. exd4 Qb6 10. Nxd7 Bxd7 11. Nxd5 Nxd5 12. Qxd5 Qxb2 13. Rc1 Bc6 14. Qc4 Bxd4 15. Qb3 a5 16. Ke2 a4 17. Qxb2 Bxb2 18. Rb1 a3 19. Bc1 Bxc1 20. Rxc1 Ra4 21. Ke3 Re4+ 22. Kd2 Rxf4 23. Rg1 Rd8+ 24. Kc3 Bd5 25. Rd1 Rc8+ 26. Kd2 Bxa2 27. Ra1 Rf2+ 28. Be2 Bc4 29. Rge1 Rxe2+ 0-1

[Event "La Fere op 8th"]
[Site "La Fere"]
[Date "2009.07.09"]
[Round "7"]
[White "Auroy, Didier"]
[Black "Venkatesh, Marani Rajendran"]
[Result "0-1"]
[WhiteElo "2000"]
[BlackElo "2426"]
[PlyCount "56"]
[EventDate "2009.07.04"]
[EventType "swiss"]
[EventRounds "9"]
[EventCountry "FRA"]
[SourceTitle "CBM 131 Extra"]
[Source "ChessBase"]
[SourceDate "2009.09.03"]
[SourceVersion "2"]
[SourceVersionDate "2009.09.16"]
[SourceQuality "1"]

1. d4 Nf6 2. c4 e6 3. Nf3 Bb4+ 4. Bd2 a5 5. Nc3 b6 6. g3 Bb7 7. Bg2 0-0 8. 0-0 d6 9. Rc1 Nbd7 10. Bg5 Bxc3 11. Rxc3 h6 12. Bxf6 Nxf6 13. Qc1 c5 14. Qe3 Qc7 15. Rfc1 Rfd8 16. Qf4 Rac8 17. dxc5 bxc5 18. Ne1 Bxg2 19. Nxg2 a4 20. g4 Qb7 21. b3 d5 22. g5 hxg5 23. Qxg5 Ne4 24. Qh5 Nxc3 25. Rxc3 dxc4 26. f4 Qd5 27. Qh4 Qd4+ 28. Re3 cxb3 0-1

[Event "La Fere op 8th"]
[Site "La Fere"]
[Date "2009.07.07"]
[Round "5"]
[White "Genova, Liubka"]
[Black "Auroy, Didier"]
[Result "1-0"]
[WhiteElo "2209"]
[BlackElo "2000"]
[PlyCount "81"]
[EventDate "2009.07.04"]
[EventType "swiss"]
[EventRounds "9"]
[EventCountry "FRA"]
[SourceTitle "CBM 131 Extra"]
[Source "ChessBase"]
[SourceDate "2009.09.03"]
[SourceVersion "2"]
[SourceVersionDate "2009.09.16"]
[SourceQuality "1"]

1. e4 c5 2. Nf3 g6 3. d4 cxd4 4. Nxd4 Nc6 5. c4 Nf6 6. Nc3 d6 7. Be2 Nxd4 8. Qxd4 Bg7 9. Be3 0-0 10. Qd2 Qa5 11. f3 Be6 12. Rc1 Rfc8 13. b3 a6 14. Na4 Qxd2+ 15. Kxd2 Nd7 16. g4 Rc6 17. Nc3 Bxc3+ 18. Rxc3 a5 19. Rb1 Rac8 20. Bd4 f6 21. Rcc1 Bf7 22. h4 e5 23. Bc3 b6 24. Bb2 Nc5 25. Ke3 Ne6 26. Rd1 Kf8 27. Rd2 Ke7 28. Rbd1 Nc5 29. Ba3 Ra8 30. f4 Rd8 31. g5 exf4+ 32. Kxf4 Bg8 33. Ke3 fxg5 34. hxg5 Ne6 35. e5 Nxg5 36. Bxd6+ Ke8 37. c5 Kf7 38. Bb5 Rcc8 39. cxb6 Rc3+ 40. Rd3 Rxd3+ 41. Rxd3 1-0

[Event "Marseille op"]
[Site "Marseille"]
[Date "2007.12.27"]
[Round "2"]
[White "Metras, Dominique"]
[Black "Auroy, Didier"]
[Result "1/2-1/2"]
[WhiteElo "2082"]
[BlackElo "2000"]
[PlyCount "105"]
[EventDate "2007.12.27"]
[EventType "swiss"]
[EventRounds "9"]
[EventCountry "FRA"]
[SourceTitle "CBM 122 Extra"]
[Source "ChessBase"]
[SourceDate "2008.03.04"]
[SourceVersion "1"]
[SourceVersionDate "2008.03.04"]
[SourceQuality "1"]

1. d4 Nf6 2. c4 e6 3. Nc3 Bb4 4. Qc2 Nc6 5. Nf3 d6 6. a3 Bxc3+ 7. Qxc3 Qe7 8. e3 0-0 9. Be2 e5 10. d5 Nb8 11. 0-0 Bg4 12. h3 Bh5 13. b4 b6 14. Bb2 Nbd7 15. Rfd1 h6 16. Qe1 g5 17. Nh2 Bg6 18. f3 Nh7 19. e4 f5 20. exf5 Bxf5 21. Ng4 Kg7 22. Qd2 Qf7 23. Rf1 Nhf6 24. h4 Qg6 25. Ne3 gxh4 26. Nxf5+ Qxf5 27. Bd3 Qf4 28. Qxf4 exf4 29. Rae1 Rae8 30. Kf2 Ne5 31. Bxe5 Rxe5 32. Rxe5 dxe5 33. Rh1 b5 34. Rxh4 bxc4 35. Bxc4 Rd8 36. Rh1 Rd6 37. Re1 Nxd5 38. Rxe5 Ne3 39. Re7+ Kf6 40. Rxc7 Rd2+ 41. Be2 Nf5 42. Ke1 Rb2 43. Rxa7 Nd4 44. Ra6+ Ke5 45. Bd1 Rxg2 46. Rxh6 Ra2 47. Rh5+ Kd6 48. Rh6+ Kd5 49. Rh4 Ke5 50. a4 Ra1 51. Rh5+ Kd6 52. Kd2 Ra3 53. Rh6+ 1/2-1/2

[Event "Avoine op 21th"]
[Site "Avoine"]
[Date "2006.07.27"]
[Round "6"]
[White "Le Nader, Erwan"]
[Black "Auroy, Didier"]
[Result "0-1"]
[WhiteElo "2127"]
[BlackElo "1977"]
[PlyCount "70"]
[EventDate "2006.07.22"]
[EventType "swiss"]
[EventRounds "9"]
[EventCountry "FRA"]
[SourceTitle "EXT 2007"]
[Source "ChessBase"]
[SourceDate "2006.11.23"]
[SourceVersion "1"]
[SourceVersionDate "2006.11.23"]
[SourceQuality "1"]

1. d4 Nf6 2. c4 e6 3. Nc3 Bb4 4. e3 0-0 5. Bd3 Nc6 6. Nge2 d6 7. a3 Bxc3+ 8. Nxc3 e5 9. d5 Nb8 10. 0-0 Qe7 11. e4 Bg4 12. f3 Bh5 13. Be3 Nbd7 14. b4 Bg6 15. Nb5 a6 16. Nc3 h6 17. Na4 Nh7 18. Qc2 Qh4 19. c5 Ndf6 20. cxd6 cxd6 21. Qc7 Nxd5 22. exd5 Bxd3 23. Rfd1 Rac8 24. Qxd6 Bc2 25. Nc5 Bxd1 26. Rxd1 Rfe8 27. Qb6 Qc4 28. d6 Qe2 29. Rf1 Qxe3+ 30. Kh1 Red8 31. d7 Rb8 32. Qc7 Qe2 33. Kg1 Qe3+ 34. Kh1 Nf8 35. Nxb7 Qa7 0-1

[Event "Avoine op 20th"]
[Site "Avoine"]
[Date "2005.07.27"]
[Round "5"]
[White "Auroy, Didier"]
[Black "Naudier, Serge"]
[Result "0-1"]
[WhiteElo "1930"]
[BlackElo "2256"]
[PlyCount "106"]
[EventDate "2005.07.23"]
[EventType "swiss"]
[EventRounds "9"]
[EventCountry "FRA"]
[SourceTitle "EXT 2007"]
[Source "ChessBase"]
[SourceDate "2006.11.23"]
[SourceVersion "1"]
[SourceVersionDate "2006.11.23"]
[SourceQuality "1"]

1. c4 Nf6 2. Nc3 d5 3. cxd5 Nxd5 4. Nf3 g6 5. g3 Bg7 6. Bg2 0-0 7. 0-0 c5 8. Qb3 Nc7 9. Ng5 h6 10. Nge4 Ne6 11. Qa3 Na6 12. d3 Rb8 13. Qb3 b6 14. Nb5 Qd7 15. Nec3 Bb7 16. a3 Bxg2 17. Kxg2 Nac7 18. Nxc7 Qxc7 19. Be3 Nd4 20. Qd1 Rbd8 21. Bxd4 Rxd4 22. Kg1 Qc6 23. Qb3 c4 24. dxc4 Rxc4 25. Na2 Rc8 26. Nb4 Qe6 27. Rfe1 Re4 28. Qxe6 Rxe6 29. Rab1 Rd6 30. Nd3 Rc2 31. Kf1 e5 32. Nb4 Rcd2 33. e4 f5 34. Nd5 fxe4 35. Ne3 R6d3 36. Re2 h5 37. Rxd2 Rxd2 38. Ke1 Rd3 39. Ke2 Bh6 40. Nc4 b5 41. Nxe5 Rd2+ 42. Kf1 Bg7 43. Nxg6 Bd4 44. Ne7+ Kf7 45. Nc6 Rxf2+ 46. Ke1 Rxh2 47. Nxd4 Rh1+ 48. Kd2 Rxb1 49. b3 Rg1 50. Ne2 Rg2 51. Ke3 Rxe2+ 52. Kxe2 Ke6 53. b4 Ke5 0-1

[Event "Avoine op 08th"]
[Site "Avoine"]
[Date "1993.??.??"]
[Round "?"]
[White "Paris, Thierry"]
[Black "Auroy, Didier"]
[Result "0-1"]
[WhiteElo "1780"]
[BlackElo "1830"]
[PlyCount "62"]
[EventDate "1993.07.??"]
[EventType "swiss"]
[EventRounds "9"]
[EventCountry "FRA"]
[SourceTitle "EXT 1999"]
[Source "ChessBase"]
[SourceDate "1998.11.16"]
[SourceVersion "1"]
[SourceVersionDate "1998.11.16"]
[SourceQuality "1"]

1. e4 c5 2. c3 Nf6 3. e5 Nd5 4. d4 cxd4 5. Nf3 e6 6. cxd4 Nc6 7. a3 d6 8. Bc4 dxe5 9. dxe5 Qa5+ 10. Bd2 Qc5 11. Qe2 Nb6 12. Bd3 Be7 13. 0-0 Nd5 14. Nc3 Nxc3 15. Bxc3 0-0 16. Rac1 Qb6 17. Qe4 g6 18. h4 Rd8 19. h5 Rd7 20. hxg6 hxg6 21. Bd2 Qd8 22. Rc3 Nd4 23. Nh2 Nf5 24. Ng4 Rd4 25. Qf3 Bd7 26. Qh3 Bc6 27. Bxf5 exf5 28. Nh6+ Kg7 29. Nxf5+ gxf5 30. Qh6+ Kg8 31. Rh3 Bh4 0-1